000 00443nam a2200205Ia 4500
001 084270
003 YMCAF
005 20230512161442.0
008 100717s2002 ||||||||||||||||| ||und|d
024 _a84270
035 _a23730
040 _aYMCAF
_beng
_cIN-KoLT
041 _aeng
082 _a005.276
_bSMI
100 _aSmiley, John
245 0 _aLearn to program with Java
260 _bTMH
_c2002
300 _a624
942 _2ddc
_cBK
999 _c8665
_d8665